000 00263nam a22001217a 4500
008 181224b xxu||||| |||| 00| 0 eng d
041 _aeng
080 _a701
100 _a44
101 _aART
245 _aThe Light Horse Breeds
_cPatten,J.W
942 _2udc
_cBK
999 _c53744
_d53744